Resource economics

Uloženo v:
Podrobná bibliografie
Hlavní autor: Norton, G. A. (Autor)
Médium: Kniha
Jazyk:angličtina
Vydáno: Londres Edward Arnold 1984
Témata:
Tagy: Přidat tag
Žádné tagy, Buďte první, kdo vytvoří štítek k tomuto záznamu!

MARC

LEADER 00000nam a2200000 a 4500
001 UCW9457
003 CL-VaPUC
008 890424e19840000UK |||||||||||||||||eng|d
082 0 4 |a 338.5  |b NOR  |2 21 
100 |a Norton, G. A.  |e author  |9 314743 
245 1 0 |a Resource economics 
300 |a 164 p 
942 |c BK 
945 |d 19890424 00:00:00 
260 |a Londres  |b Edward Arnold  |c 1984 
650 0 |a Microeconomía  |9 258126 
650 7 |a RECURSOS ECONOMICOS  |2 CL-VaPUC  |9 314744 
583 |a last modification  |c 19890424 00:00:00  |k Rodrigo Vera 
999 |c 221433  |d 221431 
952 |0 0  |1 0  |4 0  |6 338_500000000000000_NOR_1984  |7 0  |8 A  |9 214768  |a BIBING  |b BIBING  |d 2019-11-15  |i 2833093  |o 338.5 NOR 1984  |p 2833093  |r 2025-01-20  |w 2019-11-15  |y BK  |k GEO